Nový Detroit

Investície do mexického automotive. Dohody Mexika o slobodnom obchode so 44 krajinami, čím sa stalo ideálnym exportným partnerom pre výrobcov áut z Európy, Číny, Japonska a Ameriky. Export 80 percent automobilov vyrobených v Mexiku. Mladá a pomerne lacná pracovná sila. História automobilového priemy...

Descripción completa

Guardado en:
Detalles Bibliográficos
Autor principal: Muller, Joan
Formato: Capítulo de libro
Lenguaje:eslovaco
Materias:
Etiquetas: Agregar Etiqueta
Sin Etiquetas, Sea el primero en etiquetar este registro!

MARC

LEADER 00000naa a2200000 4500
001 0192995
005 20231013091127.3
041 0 |a slo 
044 |a SK 
245 1 0 |a Nový Detroit  |c Joann Muller 
520 |a Investície do mexického automotive. Dohody Mexika o slobodnom obchode so 44 krajinami, čím sa stalo ideálnym exportným partnerom pre výrobcov áut z Európy, Číny, Japonska a Ameriky. Export 80 percent automobilov vyrobených v Mexiku. Mladá a pomerne lacná pracovná sila. História automobilového priemyslu Mexika. Boom v Mexiku otriasa trhom v USA. 
610 2 0 |a priemysel automobilový 
610 2 0 |a automobily osobné 
610 2 0 |a výroba 
610 2 0 |a vývoz 
610 2 0 |a investície 
610 2 0 |a Mexiko 
100 1 |a Muller, Joan